Detection of genetic diversity and selective gene introgression in coffee using RAPD markers (Record no. 56855)

MARC details
000 -LEADER
fixed length control field 00448nam a2200157Ia 4500
100 ## - MAIN ENTRY--AUTHOR NAME
Personal name Orozco-Castillo C
245 #0 - TITLE STATEMENT
Title Detection of genetic diversity and selective gene introgression in coffee using RAPD markers
260 ## - PUBLICATION, DISTRIBUTION, ETC. (IMPRINT)
Name of publisher Theoretical and Applied Genetics
Year of publication 1994
300 ## - PHYSICAL DESCRIPTION
Number of Pages 934-940
650 ## - SUBJECT ADDED ENTRY--TOPICAL TERM
Topical Term RAPD
700 ## - ADDED ENTRY--PERSONAL NAME
Personal name Chaimers K J
700 ## - ADDED ENTRY--PERSONAL NAME
Personal name Powell W
700 ## - ADDED ENTRY--PERSONAL NAME
Personal name Waugh R
942 ## - ADDED ENTRY ELEMENTS (KOHA)
Koha item type Journals
Holdings
Withdrawn status Lost status Damaged status Not for loan Home library Current library Shelving location Date acquired Serial Enumeration / chronology Koha item type
      Journals RRII Library RRII Library RAPD 17/12/2021 Volume 87, Issue 8 Journals